| 000 | 00672 a2200169 4500 | ||
|---|---|---|---|
| 003 | Nust | ||
| 005 | 20240916112918.0 | ||
| 040 | _cNust | ||
| 082 | _a621.381533,FAR | ||
| 100 |
_aF.J.M.Farley _9104106 |
||
| 245 |
_aElements of Pluse Circuits / _cF.J.M.Farley |
||
| 260 |
_aLondon _bScience paperbacks _c1956 |
||
| 300 | _a160p; | ||
| 505 | _aBasic Concepts (Page-1), Fundamental Valve Circuits (Page-17), Square Wave Generators (Page-37), Trigger Circuits (Page-51), Time Bases (Page-68), Pulse Amplifiers (Page-84), Application (Page-110), Transistor Circuits (Page-141), For Further Reading (Page-156). | ||
| 650 | _aTelecommunication Engineering | ||
| 942 |
_2ddc _cBK |
||
| 999 |
_c182416 _d182416 |
||